| 000 | 00000nam##2200000za#4500 |
| 001 | 9.675612 |
| 003 | CaOODSP |
| 005 | 20210624225340 |
| 007 | cr ||||||||||| |
| 008 | 150407|2006||||xxc|||||o f|0| 0 fre|d |
| 020 | |a978-1-100-54050-4 |
| 040 | |aCaOODSP|bfre |
| 041 | |aeng |
| 041 | |afre |
| 043 | |an-cn--- |
| 086 | 1 |aSO2-11/10-1996-PDF |
| 110 | 1 |aCanada. |bGouverneur général. |bBureau du secrétaire. |
| 245 | 10|aRèglement concernant l'attribution de la Médaille pour services distingués en milieu correctionnel |h[ressource électronique] |
| 246 | 1 |iTitre abrégé : |aRèglement sur la Médaille pour services distingués en milieu correctionnel |
| 260 | |aOttawa - Ontario : |bGouverneur général du Canada. Bureau du Secrétaire |c1996. |
| 300 | |a9p. |
| 590 | |a12-31-Supp|b2012-07-06 |
| 691 | 07|aRécompense|2gcpds |
| 791 | |tRegulations governing the award of the Corrections Exemplary Service Medal |eeng|w(CaOODSP)9.675611 |
| 856 | 40|ahttp://publications.gc.ca|qPDF|s458 Ko|uhttps://publications.gc.ca/collections/collection_2012/bsgg-osgg/SO2-11-10-1996.pdf |